000 00624nam a2200241Ia 4500
003 OSt
005 20221005120045.0
006 a|||||r|||| 00| 0
007 ta
008 221004b |||||||| |||| 00| 0 kan d
024 _a60964
037 _cTextual
040 _aCRL
_cCRL
_bkan
041 _2kan
_akan
082 _aO33,3NRA95,1, L4
100 _aDeva Rama Chandra Au.
_9628467
245 0 _aDangeya prakarana
260 _c1974
650 _a KANNAD LITERATURE
650 _aKANNAD FICTION
942 _hO33,3NRA95,1, L4
_cTEXL
_2cc
999 _c1036749
_d1036749